00480nam a2200181Ia 4500008004100000041001200041082001000053082001100063100002200074100001100096245007100107260001400178260004200192260000900234300001500243365002500258650001500283150909s9999 xx 000 0 und d aEnglish a638.1 bSWA/SE aSwaminathen M.S  eEditor aSecond international conferance on apiculture in tropical climates aNew delhi bIndian agricultural reserch institute c1983 a728 Pages aRs.242  aBeekeeping